00301nam a2200121Ia 4500008004100000100002200041245002800063260003400091300000800125650002400133942000700157999001500164190216s9999||||xx |||||||||||||| ||und|| aVan Loon Gary Wad 0aEnvironmental Chemistry bOxford University Pressc2003 a492 aChemistry-Chemistry cBK c3148d3148